000 00731nam a2200289Ia 4500
005 20260324120842.0
008 008 260324s9999 xx 000 0 eng d
020 _a9780429477188
037 _aEBOOK
040 _aCRL
040 _beng
040 _cCRL
041 _2eng
041 _aeng
084 _qCRL
100 _aSoren R. Ekstrom
_91160226
245 0 _aMemory and Healing
245 0 _bNeurocognitive and Psychodynamic Perspectives on How Patients and Psychotherapists Remember
260 _bTaylor and Francis
260 _c2014
365 _a
365 _b220
856 _uhttp://www.taylorfrancis.com/books/9780429477188
942 _cEBOOK
999 _c1751963
_d1751963